Vizualizácia MPTCP tokov v sieti SDN
Saved in:
| Main Author: | |
|---|---|
| Other Authors: | |
| Format: | Manuscript Book |
| Language: | Slovak |
| Published: |
2018
|
| Subjects: | |
| Online Access: | http://is.stuba.sk/zp/portal_zp.pl?podrobnosti=131592 |
| Tags: |
No Tags, Be the first to tag this record!
|
MARC
| LEADER | 00000ntm a22000003a 4500 | ||
|---|---|---|---|
| 001 | stuzp70373 | ||
| 003 | SK-STU | ||
| 005 | 20180623211900.4 | ||
| 007 | ta | ||
| 008 | 150427s2015----xo-----f-mn---000-0-slo-d | ||
| 040 | |a STU |b slo | ||
| 041 | 0 | |a slo | |
| 100 | 1 | |a Starý, Filip |u 070400 |4 aut |U FIIT Fakulta informatiky a informačných technológií |T FIIT Ústav počítačového inžinierstva a aplikovanej informatiky |X 79750 |U I400 |Y 672 |7 79750 | |
| 242 | 0 | 1 | |a The visualization of MPTCP flows in the SDN |y eng |
| 245 | 1 | 0 | |a Vizualizácia MPTCP tokov v sieti SDN |
| 260 | |c 2018 | ||
| 650 | 4 | |a MPTCP |2 slo | |
| 650 | 4 | |a Floodlight |2 slo | |
| 650 | 4 | |a SDN |2 slo | |
| 650 | 4 | |a vizualizácia |2 slo | |
| 650 | 4 | |a OpenFlow |2 slo | |
| 650 | 4 | |a MPTCP |2 eng | |
| 650 | 4 | |a SDN |2 eng | |
| 650 | 4 | |a visualization |2 eng | |
| 650 | 4 | |a OpenFlow |2 eng | |
| 650 | 4 | |a Floodlight |2 eng | |
| 700 | 1 | |a Boros, Tomáš |u 070400 |k Z3 |4 ths |U FIIT Fakulta informatiky a informačných technológií |T FIIT Ústav počítačového inžinierstva a aplikovanej informatiky |X 5793 |U I400 |Y 672 |7 A000005793 | |
| 856 | 4 | |u http://is.stuba.sk/zp/portal_zp.pl?podrobnosti=131592 | |
| 996 | |c I*BAP13/18 |l II680 |s P |a 0 |w stuzp70373_0001 | ||